000 00457nmm a2200157Ia 4500
008 251105s9999||||xx |||||||||||||||||und||
020 _a9580610819
041 _aspa
100 _aArtunduaga, Edgar
245 0 _aHistorias Particulares de los Honorables Parlamentarios
264 _a[Bogotá, Colombia] :
_bOveja Negra,
_c2006
300 _a379 páginas
650 _aBiography
856 _uhttps://public.digitaliapublishing.com/a/29518
942 _cCF
999 _c74408
_d74408